Illiteracy and poverty.

Wedi'i Gadw mewn:
Manylion Llyfryddiaeth
Prif Awdur: Adiseshiah, Malcolm S. (autor)
Fformat: Llyfr
Iaith:Saesneg
Cyfres:(Literacy Lessons)
Pynciau:
Tagiau: Ychwanegu Tag
Dim Tagiau, Byddwch y cyntaf i dagio'r cofnod hwn!

MARC

LEADER 00000nam^a2200000^u^4500
001 000499999
005 20250521000000.0
008 071116s1000^^^^^^^^^^^^r^^^^^000^0^spa^d
009 20260310125732.171
035 |a FCE 000044082 
037 |a Acervo ITESO - Biblioteca 
041 |a eng 
082 0 4 |a 370.112  |b ADIi 
100 |a Adiseshiah, Malcolm S.  |e (autor) 
245 1 0 |a Illiteracy and poverty. 
264 |a Suiza:  |b UNESCO,  |c 1990. 
300 |a 16 p. 
336 |a texto  |b txt  |2 rdacontenido 
337 |a sin mediación  |b n  |2 rdamedio 
338 |a volumen  |b nc  |2 rdasoporte 
440 1 |a (Literacy Lessons) 
649 |a XX 
650 |a Estadísticas 
650 |a Pobreza 
650 |a Analfabetismo 
650 |a Instrucción 
910 |a Fondo Centro de Estudios Educativos 
920 |a Impresos - Libros 
930 |a Fondos Especiales 
905 |a 133 
901 |a ALE051295  |b IT2  |c CEE  |u 20250521 
902 |a https://opac.biblio.iteso.mx/vufind/Record/000499999